Jean Etienne Marie Portalis und der Code civil.
Guardado en:
| Autor principal: | |
|---|---|
| Formato: | Libro |
| Lenguaje: | inglés |
| Publicado: |
Berlin, Germany:
Duncker & Humblot,
1997.
|
| Colección: | Freiburger rechtsgeschichtliche Abhandlungen,
28. |
| Materias: | |
| Etiquetas: |
Agregar Etiqueta
Sin Etiquetas, Sea el primero en etiquetar este registro!
|
MARC
| LEADER | 00000nam a22000007a 4500 | ||
|---|---|---|---|
| 003 | CL-VaPUC | ||
| 005 | 20220822114424.0 | ||
| 008 | 220228t1997 ||||| |||| 00| 0 eng d | ||
| 999 | |c 434593 |d 434591 | ||
| 020 | |a 3-428-09139-6 | ||
| 022 | |a 0720-6704 | ||
| 040 | |c Pontificia Universidad Católica de Valparaíso | ||
| 082 | |a 346.440262 PLE 1997 | ||
| 100 | 1 | |a Plesser, Markus Alexander |e autor |9 866672 | |
| 245 | |a Jean Etienne Marie Portalis und der Code civil. | ||
| 260 | |a Berlin, Germany: |b Duncker & Humblot, |c 1997. | ||
| 300 | |a 246 páginas. | ||
| 490 | |a Freiburger rechtsgeschichtliche Abhandlungen, |v 28. | ||
| 500 | |a c.1 Donación Familia Prof. Alejandro Guzmán Brito. | ||
| 583 | |c 20220228 |k Yessy Stephany Diaz Vidal | ||
| 650 | 0 | |a Derecho civil |9 255013 |x Códigos |z 1789-1815 | |
| 650 | 0 | |a Derecho civil |x Francia |z 1789-1815 |9 869176 | |
| 942 | |2 ddc |c BK |n 0 | ||